| 000 | 01537cam a2200421 a 4500 | ||
|---|---|---|---|
| 999 |
_c63926 _d63926 |
||
| 001 | 768714001 | ||
| 003 | CO-MdFUSB | ||
| 005 | 20180622165153.0 | ||
| 008 | 120207t 1993mnu fr 001 0 eng d | ||
| 010 | _a93020032 | ||
| 020 | _a080062579X | ||
| 020 | _a9780800625795 | ||
| 040 |
_aDLC _cCO-MdFUSB _dCO-MdFUSB _dCO-MdFUSB _bspa _erda |
||
| 041 | 0 | _aeng | |
| 082 | 0 | 4 |
_aG 233 _bH461h _224 |
| 100 | 1 |
_aHefner, Philip J. _d1932- _eautor |
|
| 245 | 1 | 4 |
_aThe human factor _b: evolution, culture, and religion _c/ Philip J. Hefner ; prefacio por Arthur Robert Peacocke |
| 264 | 1 |
_aMinneapolis, Minnesota _bFortress Press _c℗1993 |
|
| 264 | 4 | _c©1993 | |
| 300 |
_axvii, 317 páginas _c24 cm. _b: |
||
| 336 |
_2rdacontent _a1 _ba1 |
||
| 337 |
_2rdamedia _a2 _b5 |
||
| 338 |
_2rdacarrier _a2 _b5 |
||
| 490 | _aTheology and the Sciences | ||
| 500 | _aColección The International Society for Science & Religion - Library Project. | ||
| 501 | _aIncluye índices (p. 307- 317) | ||
| 504 | _aIncluye referencias bibliográficas (p. 289-305). | ||
| 505 | _aParte 1: La perspectiva teórica -- Segunda parte: Naturaleza -- Parte tres: Libertad -- Cuarta parte: Cultura -- Parte cinco: Conexiones teológicas | ||
| 541 |
_h$55.000; _n1 c. |
||
| 650 | 7 |
_aReligión y ciencia _9259 |
|
| 653 | _aHumanidad (Teología cristiana) | ||
| 700 | 1 |
_aPeacocke, Arthur Robert _d1924-2006 |
|
| 942 | _cBK | ||